| 000 | 00636cam a2200229 4500500 | ||
|---|---|---|---|
| 005 | 20260405000904.0 | ||
| 041 | _afre | ||
| 042 | _adc | ||
| 100 | 1 | 0 |
_aOrtoli, Sven _eauthor |
| 245 | 0 | 0 | _aJean-Baptiste Botul. Son ultime interview |
| 260 | _c2010. | ||
| 500 | _a99 | ||
| 690 | _aBernard Henri-Lévi | ||
| 690 | _aBHL | ||
| 690 | _aBotul | ||
| 690 | _aCanular | ||
| 690 | _aComique | ||
| 690 | _aHumour | ||
| 690 | _aParodie | ||
| 786 | 0 | _nPhilosophie magazine | 38 | 4 | 2010-04-01 | p. 3-4 | 1951-1787 | |
| 856 | 4 | 1 | _uhttps://shs.cairn.info/magazine-philosophie-magazine-2010-4-page-3?lang=fr&redirect-ssocas=7080 |
| 999 |
_c2041826 _d2041826 |
||